LEADER 01163nam a2200265 i 4500 001 000000073941 003 CaOOAMICUS 005 20240409110953.0 008 070328s1971 it u000 u ita u 013 $a45113 040 $aSeMil$bita 100 1 $aCreeley, Robert.$0(OLS)http://semarc/name/36679 240 10$aFor Love - Words.$0(OLS)http://semarc/title/119950 245 10$aPer amore /$cRobert Creeley ; Traduzione di Perla Cacciaguerra ; Introduzione di Agostino Lombardo. 260 $a[Milano] :$bArnoldo Mondadori Editore,$c1971. 300 $a349 p. ;$c20 cm. 700 1 $aLombardo, Agostino,$d<1927-2005>.$0(OLS)http://semarc/name/70877 700 1 $aCacciaguerra, Perla.$0(OLS)http://semarc/name/36680 830 3$aLo specchio.$0(OLS)http://semarc/title/7841 830 3$aLo specchio. I poeti del nostro tempo.$0(OLS)http://semarc/title/437868 850 $aSeMil 852 $aSeMil$W1$xVenegono$y1$m1W I 194$j239185$B40093$CSeMilBibl$Z2$F40097 $81 996 $6245$aPer amore$9(OLS)http://semarc/title/76924 996 $6260$a[Milano] :$bArnoldo Mondadori Editore$9(OLS)http://semarc/publisher/29634 LEADER 00899nam a2200217 i 4500 001 000000153079 003 CaOOAMICUS 005 20060912000000.0 008 060912s1931 it u000 u ita u 013 $a130420 040 $aSeMil$bita 100 1 $aBalbo, Italo,$d<1896-1940>.$0(OLS)http://semarc/name/11696 245 10$aStormi in volo sull'oceano /$cItalo Balbo. 250 $a5. edizione. 260 $a[Milano] :$bArnoldo Mondadori Editore,$c1931. 300 $a256 p., [28 c. di tav. di cui 3 ripiegh.] :$bill. ;$c23 cm. 650 4$aAviazione militare italiana - Guerra Mondiale.$0(OLS)http://semarc/subject/29863 850 $aSeMil 852 $aSeMil$W1$xVenegono$y1$m4Y IV 15$j105023$B105023$CSeMilBibl$Z2$F114281 $81 996 $6245$aStormi in volo sull'oceano$9(OLS)http://semarc/title/223894 996 $6260$a[Milano] :$bArnoldo Mondadori Editore$9(OLS)http://semarc/publisher/29634